[Event "Chigorin Memorial 2018"]
[Site "St. Petersburg"]
[Date "2018.10.31"]
[Round "5"]
[White "Vokhidov, Shamsiddin"]
[Black "Alekseev, Evgeny"]
[Result "0-1"]
[WhiteElo "2446"]
[BlackElo "2620"]
[Annotator "TA"]
[PlyCount "176"]
[EventDate "2018.10.27"]
[EventType "swiss"]
[EventCountry "RUS"]
[SourceTitle "playchess.com"]
[Source "ChessBase"]
[SourceQuality "1"]

1. e4 e5 2. Nf3 Nc6 3. Bb5 a6 4. Ba4 Nf6 5. O-O Be7 6. d3 d6 7. c3 O-O 8. Re1 Re8 9. Nbd2 Bf8 10. Nf1 b5 11. Bc2 Nb8 12. d4 Nbd7 13. a4 Bb7 14. Ng3 c5 15. d5 c4 16. h3 g6 17. Bg5 Be7 18. Qd2 Nc5 19. Be3 Qc7 20. Nh2 Bf8 21. Rf1 Bg7 22. f4 exf4 23. Rxf4 Nfd7 24. Raf1 Rf8 25. Rh4 Ne5 26. Bh6 f6 27. Ng4 Kh8 28. Bxg7+ Qxg7 29. Ne3 Bc8 30. Rhf4 Bd7 31. a5 Rae8 32. Bd1 Ned3 33. R4f3 Ne5 34. R3f2 Qe7 35. Bg4 Bxg4 36. Nxg4 Nxg4 37. hxg4 Qe5 38. Rf3 Kg7 39. Qe3 Qg5 40. Qd4 Re5 41. Qf2 Rf7 42. Qe1 Ree7 43. Kh2 Nd3 44. Qe2 Ne5 45. Kg1 Nxf3+ 46. Qxf3 Qe5 47. Qf2 Re8 48. Re1 Kg8 49. Re3 Qg5 50. Rf3 Qxg4 51. Nf5 Qxe4 52. Nh6+ Kg7 53. Nxf7 Qe7 54. Nh6 Kxh6 55. Rxf6 Qe5 56. Rf7 Qe1+ 57. Qxe1 Rxe1+ 58. Kh2 Rd1 59. Ra7 Rxd5 60. Rxa6 Rd2 61. Rb6 Rxb2 62. Rxd6 Ra2 63. a6 Kg5 64. Kg3 Kf5 65. Kf3 Ke5 66. Rb6 Ra5 67. a7 Rxa7 68. Rxb5+ Kd6 69. Ke4 Ra2 70. g4 Rg2 71. g5 Rh2 72. Rd5+ Kc6 73. Ra5 Rh4+ 74. Ke5 Rg4 75. Kf6 Rg3 76. Kg7 Rh3 77. Re5 Kd6 78. Ra5 Rh5 79. Kf6 h6 80. Ra6+ Kd5 81. gxh6 Rxh6 82. Kg5 Rh3 83. Kf4 Rxc3 84. Rxg6 Rh3 85. Rg8 c3 86. Rc8 Kd4 87. Rd8+ Kc4 88. Ke4 c2 0-1

[Event "Chigorin Memorial 2018"]
[Site "St. Petersburg"]
[Date "2018.10.31"]
[Round "5"]
[White "Kazakovskiy, Valeriy"]
[Black "Predke, Alexandr"]
[Result "1/2-1/2"]
[WhiteElo "2405"]
[BlackElo "2615"]
[Annotator "TA"]
[PlyCount "103"]
[EventDate "2018.10.27"]
[EventType "swiss"]
[EventCountry "RUS"]
[SourceTitle "playchess.com"]
[Source "ChessBase"]
[SourceQuality "1"]

1. d4 Nf6 2. c4 e6 3. Nf3 d5 4. g3 Bb4+ 5. Bd2 Be7 6. Bg2 Ne4 7. Nc3 c6 8. Qc2 f5 9. Bf4 Nd7 10. Ne5 Qa5 11. O-O g5 12. Nxd7 gxf4 13. Ne5 fxg3 14. hxg3 Nd6 15. cxd5 exd5 16. Qd2 O-O 17. Qh6 Rf6 18. Qh5 Be6 19. e3 Kg7 20. Qg5+ Kh8 21. Ne2 Rg8 22. Qh5 Qd8 23. Nf4 Qf8 24. Qe2 Bc8 25. Bf3 Nf7 26. Ned3 Bd6 27. Kg2 b6 28. Rh1 Ba6 29. Rh4 Ng5 30. Rah1 Qe7 31. Qc2 Rc8 32. Rh5 Rg8 33. Ne1 Rg7 34. R1h4 Qe8 35. Nh3 Rfg6 36. Nxg5 Rxg5 37. Rh6 Bxg3 38. fxg3 Qxe3 39. Qf2 Rxg3+ 40. Qxg3 Rxg3+ 41. Kxg3 Qxe1+ 42. Kf4 Qe7 43. Rxh7+ Qxh7 44. Rxh7+ Kxh7 45. Kxf5 Bc4 46. b3 Bd3+ 47. Ke5 Kg7 48. Kd6 Be4 49. Be2 c5 50. dxc5 bxc5 51. Kxc5 Kf6 52. Kd4 1/2-1/2

[Event "Chigorin Memorial 2018"]
[Site "St. Petersburg"]
[Date "2018.10.31"]
[Round "5"]
[White "Tarasov, Ilya"]
[Black "Volkov, Sergey"]
[Result "0-1"]
[WhiteElo "2211"]
[BlackElo "2568"]
[Annotator "TA"]
[PlyCount "144"]
[EventDate "2018.10.27"]
[EventType "swiss"]
[EventCountry "RUS"]
[SourceTitle "playchess.com"]
[Source "ChessBase"]
[SourceQuality "1"]

1. d4 d5 2. c4 c6 3. Nf3 Nf6 4. Nc3 dxc4 5. a4 e6 6. e3 c5 7. Bxc4 cxd4 8. exd4 Be7 9. O-O O-O 10. d5 exd5 11. Nxd5 Nxd5 12. Bxd5 Nc6 13. Bxc6 bxc6 14. Qxd8 Rxd8 15. Bf4 Be6 16. Rac1 c5 17. Rfe1 h6 18. h3 Rac8 19. Red1 Bd5 20. Rd2 Kf8 21. Be3 Ke8 22. Rcd1 Bb3 23. Rxd8+ Bxd8 24. Rc1 Be7 25. Ne5 Rc7 26. a5 g5 27. h4 f6 28. Nf3 Kd7 29. hxg5 hxg5 30. Nd2 Bd5 31. f3 Kc6 32. Nb1 Rb7 33. Rc2 Bb3 34. Rd2 Rb5 35. Nc3 Rxa5 36. g4 Ra1+ 37. Kg2 a5 38. Bf2 a4 39. Re2 Bd6 40. Ne4 Bc4 41. Re1 Rxe1 42. Bxe1 Be5 43. Bc3 Bd3 44. Bxe5 fxe5 45. Nc3 Bc2 46. Kf2 Kb6 47. Ke3 Ka5 48. Kd2 Bg6 49. Nd5 Be8 50. Nf6 Bc6 51. Nh7 Bxf3 52. Nxg5 Bxg4 53. Kc3 Be2 54. Nf7 e4 55. Nd6 Bd3 56. Nf5 Kb5 57. Ne3 Kc6 58. Kd2 Kd6 59. Nd1 Kd5 60. Kc3 Ke5 61. Ne3 Kf4 62. Kd2 Kf3 63. Nd5 Bc4 64. Ne3 Bb3 65. Nf5 c4 66. Nh4+ Kf2 67. Nf5 c3+ 68. Kxc3 e3 69. Nd4 e2 70. Nxe2 Kxe2 71. Kb4 Kd2 72. Ka3 Kc2 0-1

[Event "Chigorin Memorial 2018"]
[Site "St. Petersburg"]
[Date "2018.10.31"]
[Round "5.14"]
[White "Khismatullin, Denis"]
[Black "Smirnov, Timofey"]
[Result "1-0"]
[WhiteElo "2617"]
[BlackElo "2332"]
[PlyCount "71"]
[EventDate "2018.10.27"]
[EventType "swiss"]
[EventCountry "RUS"]
[WhiteTeam "Russland"]
[BlackTeam "Russland"]
[WhiteTeamCountry "RUS"]
[BlackTeamCountry "RUS"]

1. e4 c5 2. Nf3 d6 3. d4 cxd4 4. Nxd4 Nf6 5. Nc3 a6 6. Bg5 Nbd7 7. Bc4 b5 8. Bd5 Nxd5 9. Nxd5 Nf6 10. Bxf6 gxf6 11. Qh5 Bd7 12. O-O-O h6 13. Rhe1 Rg8 14. Qf3 Rg6 15. Nf5 Qb8 16. Kb1 Ra7 17. h4 a5 18. Nf4 Rg8 19. Qh5 Rh8 20. g4 Qc8 21. Nd5 Be6 22. g5 fxg5 23. hxg5 Kd8 24. gxh6 a4 25. a3 Rb7 26. c3 Qc6 27. h7 Qe8 28. Qh4 Kc8 29. Rg1 f6 30. Ng7 Qf7 31. Nxe6 Qxe6 32. Rd3 Qf7 33. Rh3 f5 34. Qh5 e6 35. Rg8 Qxh5 36. Rxh5 1-0

[Event "Chigorin Memorial 2018"]
[Site "St. Petersburg"]
[Date "2018.10.31"]
[Round "5.15"]
[White "Saveliev, Alexei"]
[Black "Aleksandrov, Aleksej"]
[Result "0-1"]
[WhiteElo "2365"]
[BlackElo "2602"]
[Annotator "TA"]
[PlyCount "74"]
[EventDate "2018.10.27"]
[EventType "swiss"]
[EventCountry "RUS"]
[WhiteTeam "Russland"]
[BlackTeam "Weißrussland"]
[WhiteTeamCountry "RUS"]
[BlackTeamCountry "BLR"]

1. e4 e5 2. Nf3 Nc6 3. Bb5 a6 4. Ba4 Nf6 5. O-O Be7 6. Re1 b5 7. Bb3 d6 8. c3 O-O 9. h3 Nb8 10. d4 Nbd7 11. Nbd2 c5 12. Nf1 Re8 13. Ng3 Bf8 14. Ng5 c4 15. Bc2 h6 16. Nf3 Qc7 17. Be3 a5 18. Qd2 Rb8 19. Rab1 Bb7 20. d5 b4 21. Nh4 Nc5 22. Rbc1 Ba6 23. Nhf5 Kh8 24. f3 Rec8 25. Ne2 Qd7 26. g4 bxc3 27. Nxc3 Rxb2 28. Rb1 Rb4 29. a3 Rxb1 30. Rxb1 Qd8 31. Qg2 Nfd7 32. g5 Rb8 33. Qg4 Rxb1+ 34. Bxb1 Qb8 35. Bc1 Qb3 36. Bd2 Qb2 37. Be1 Qc1 0-1

[Event "Chigorin Memorial 2018"]
[Site "St. Petersburg"]
[Date "2018.10.31"]
[Round "5.16"]
[White "Demianjuk, Alexander"]
[Black "Bocharov, Dmitry"]
[Result "0-1"]
[WhiteElo "2332"]
[BlackElo "2557"]
[Annotator "TA"]
[PlyCount "80"]
[EventDate "2018.10.27"]
[EventType "swiss"]
[EventCountry "RUS"]
[WhiteTeam "Russland"]
[BlackTeam "Russland"]
[WhiteTeamCountry "RUS"]
[BlackTeamCountry "RUS"]

1. Nf3 d5 2. d4 Nf6 3. c4 e6 4. Bg5 dxc4 5. Qa4+ Nbd7 6. e3 Be7 7. Bxc4 O-O 8. O-O c5 9. dxc5 Nxc5 10. Qc2 a6 11. Rd1 Qe8 12. Be2 b6 13. Nc3 Bb7 14. Rac1 Rc8 15. Qb1 h6 16. Bf4 b5 17. a3 Ncd7 18. Nd2 Nb6 19. e4 Nfd7 20. e5 Nc5 21. Nde4 Nxe4 22. Nxe4 Rxc1 23. Rxc1 Qa8 24. Bf3 Rd8 25. Re1 Nc4 26. b3 Nxa3 27. Qc1 Rd4 28. Nd6 Bxf3 29. gxf3 Qxf3 30. Bg3 b4 31. Qc8+ Kh7 32. Qc7 Bxd6 33. exd6 Nb5 34. Qc2+ Qd3 35. Qc8 Nxd6 36. Qf8 Qg6 37. Rc1 Nf5 38. Kf1 Nxg3+ 39. hxg3 Qh5 40. Kg2 Rd1 0-1

[Event "Chigorin Memorial 2018"]
[Site "St. Petersburg"]
[Date "2018.10.31"]
[Round "5.17"]
[White "Suleymenov, Alisher"]
[Black "Lobanov, Sergei"]
[Result "1/2-1/2"]
[WhiteElo "2331"]
[BlackElo "2539"]
[Annotator "TA"]
[PlyCount "81"]
[EventDate "2018.10.27"]
[EventType "swiss"]
[EventCountry "RUS"]
[WhiteTeam "Kasachstan"]
[BlackTeam "Russland"]
[WhiteTeamCountry "KAZ"]
[BlackTeamCountry "RUS"]

1. d4 d5 2. c4 dxc4 3. Nf3 a6 4. Nc3 Nf6 5. e4 b5 6. e5 Nd5 7. Be2 e6 8. a4 Nxc3 9. bxc3 Bb7 10. Ng5 Be7 11. Bf3 Bd5 12. Bxd5 Qxd5 13. Qh5 Bxg5 14. Qxg5 O-O 15. Qg4 Kh8 16. Ba3 f5 17. exf6 Rxf6 18. O-O Rg6 19. Qh3 Nc6 20. Bc5 Rb8 21. axb5 axb5 22. f4 b4 23. f5 exf5 24. Rxf5 Qe4 25. Raf1 h6 26. R5f4 Qd5 27. cxb4 Kh7 28. Rf5 Qe4 29. R5f4 Qd5 30. Rf5 Qe4 31. R5f4 Qd5 32. Rf5 Qe4 33. R5f4 Qd5 34. Rf5 Qe4 35. R5f4 Qd5 36. Rf5 Qe4 37. R5f4 Qd5 38. Rf5 Qe4 39. R5f4 Qd5 40. Rf5 Qe4 41. R5f4 1/2-1/2

[Event "Chigorin Memorial 2018"]
[Site "St. Petersburg"]
[Date "2018.10.31"]
[Round "5.18"]
[White "Tsydypov, Zhamsaran"]
[Black "Konaplev, Anton"]
[Result "1-0"]
[WhiteElo "2530"]
[BlackElo "2320"]
[Annotator "RC"]
[PlyCount "183"]
[EventDate "2018.10.27"]
[EventType "swiss"]
[EventCountry "RUS"]
[WhiteTeam "Russland"]
[BlackTeam "Russland"]
[WhiteTeamCountry "RUS"]
[BlackTeamCountry "RUS"]

1. c4 e6 2. Nf3 d5 3. d4 Nf6 4. Nc3 Be7 5. g3 O-O 6. Bg2 c6 7. O-O Nbd7 8. Qd3 b6 9. e4 dxe4 10. Nxe4 Bb7 11. Nc3 Qc8 12. Re1 Rd8 13. b3 Nf8 14. Bb2 Ng6 15. Ng5 e5 16. d5 Bb4 17. Nge4 Nxe4 18. Bxe4 cxd5 19. cxd5 Qg4 20. Kh1 Bxc3 21. Bxc3 Rxd5 22. Bxd5 Rd8 23. f3 Rxd5 24. Qf1 Qf5 25. Re3 h5 26. Rd1 Rxd1 27. Qxd1 h4 28. Kg2 Qg5 29. Kf2 hxg3+ 30. hxg3 Qh5 31. Qf1 Kh7 32. Ke1 Qh2 33. Qf2 Qh1+ 34. Qf1 Qh2 35. Qf2 Qh1+ 36. Kd2 Qb1 37. Rd3 Qxa2+ 38. Ke3 Qxb3 39. Qh2+ Kg8 40. Qh5 Qc2 41. Rd8+ Nf8 42. Qxe5 Qc1+ 43. Kf2 Qc2+ 44. Kg1 Qc1+ 45. Kg2 Qc2+ 46. Kg1 Qc1+ 47. Qe1 Qg5 48. Rb8 Qc5+ 49. Kg2 Qd5 50. Qe3 a5 51. Bd4 f6 52. Bxb6 Qa2+ 53. Kg1 Qb1+ 54. Kg2 Qc2+ 55. Qf2 Qc6 56. Bxa5 Kf7 57. Qa2+ Ne6 58. Qb3 Ba8 59. Rb6 Qd5 60. Qxd5 Bxd5 61. Rd6 Bc4 62. Kf2 Kg6 63. Ke3 Ng5 64. Bc3 Nf7 65. Rd7 Be6 66. Rc7 Bd5 67. g4 Be6 68. Bb4 Ne5 69. Bc3 Nf7 70. Re7 Bc8 71. Kf4 Nd6 72. Kg3 Nf7 73. Rc7 Be6 74. Bb4 Bd5 75. f4 f5 76. g5 Kh7 77. Bc3 Kg6 78. Kf2 Kh7 79. Ra7 Bc4 80. Ke3 Kg6 81. Kd4 Bb3 82. Ra3 Bd1 83. Ke3 Nh8 84. Ra8 Nf7 85. Ra6+ Kh5 86. Bxg7 Bc2 87. Bd4 Be4 88. Rf6 Nd8 89. Rh6+ Kg4 90. g6 Nc6 91. g7 Ne7 92. g8=Q+ 1-0

[Event "Chigorin Memorial 2018"]
[Site "St. Petersburg"]
[Date "2018.10.31"]
[Round "5.19"]
[White "Tahay, Alexis"]
[Black "Burmakin, Vladimir"]
[Result "1/2-1/2"]
[WhiteElo "2312"]
[BlackElo "2523"]
[Annotator "TA"]
[PlyCount "102"]
[EventDate "2018.10.27"]
[EventType "swiss"]
[EventCountry "RUS"]
[WhiteTeam "Frankreich"]
[BlackTeam "Russland"]
[WhiteTeamCountry "FRA"]
[BlackTeamCountry "RUS"]

1. e4 c6 2. d4 d5 3. Nd2 dxe4 4. Nxe4 Nf6 5. Nxf6+ exf6 6. c3 Bd6 7. Bd3 Be6 8. Ne2 Qc7 9. Ng3 Nd7 10. Qf3 O-O 11. O-O Rfe8 12. h3 Rad8 13. Nf5 Bxf5 14. Bxf5 Nb6 15. Bc2 Qd7 16. Bd2 Bc7 17. Rad1 Qd6 18. g3 Qe6 19. Bb1 Nc8 20. Bc1 g6 21. Kg2 Kg7 22. b3 Nd6 23. d5 cxd5 24. Rxd5 f5 25. c4 Ne4 26. Bb2+ f6 27. Rfd1 Rxd5 28. Rxd5 Ng5 29. Qd1 Nf7 30. Rd7 Bb6 31. Qd5 Qxd5+ 32. Rxd5 Re2 33. c5 Bxc5 34. Rxc5 Rxb2 35. Bd3 Ne5 36. Bc4 Kh6 37. Rc7 Nxc4 38. bxc4 g5 39. c5 a5 40. a4 Rb4 41. Rd7 Kg6 42. Rc7 h5 43. Rd7 g4 44. h4 f4 45. gxf4 Rxa4 46. Rxb7 Rxf4 47. Ra7 a4 48. c6 Rc4 49. c7 a3 50. Rxa3 Rxc7 51. Kg3 Rc5 1/2-1/2

[Event "Chigorin Memorial 2018"]
[Site "St. Petersburg"]
[Date "2018.10.31"]
[Round "5.20"]
[White "Levin, Evgeny A."]
[Black "Vasilyev, Vasily"]
[Result "1-0"]
[WhiteElo "2523"]
[BlackElo "2272"]
[Annotator "TA"]
[PlyCount "71"]
[EventDate "2018.10.27"]
[EventType "swiss"]
[EventCountry "RUS"]
[WhiteTeam "Russland"]
[BlackTeam "Russland"]
[WhiteTeamCountry "RUS"]
[BlackTeamCountry "RUS"]

1. d4 d5 2. c4 c6 3. Nf3 e6 4. e3 Bd6 5. Bd3 f5 6. b3 Nf6 7. Bb2 O-O 8. Nc3 Ne4 9. O-O b6 10. Ne2 g5 11. Ne5 Ba6 12. Qc2 Re8 13. Rad1 Bxe5 14. dxe5 Nc5 15. Ng3 Nxd3 16. Rxd3 Nd7 17. Nh5 Rf8 18. Rfd1 Qe8 19. Nf6+ Nxf6 20. exf6 Rd8 21. R3d2 Rc8 22. Qc3 Kf7 23. Qe5 Kg6 24. f3 Rf7 25. e4 Bb7 26. h4 dxe4 27. Rd6 exf3 28. g4 Qf8 29. Qxe6 fxg4 30. Qxg4 Qh6 31. Qe4+ Kh5 32. Qxf3+ g4 33. Qf5+ Kxh4 34. Kg2 c5+ 35. R6d5 Bxd5+ 36. cxd5 1-0

[Event "Chigorin Memorial 2018"]
[Site "St. Petersburg"]
[Date "2018.10.31"]
[Round "5.21"]
[White "Borisovsky, Dmitry"]
[Black "Sorokin, Aleksey"]
[Result "0-1"]
[WhiteElo "2304"]
[BlackElo "2522"]
[Annotator "TA"]
[PlyCount "106"]
[EventDate "2018.10.27"]
[EventType "swiss"]
[EventCountry "RUS"]
[WhiteTeam "Russland"]
[BlackTeam "Russland"]
[WhiteTeamCountry "RUS"]
[BlackTeamCountry "RUS"]

1. e4 c6 2. d4 d5 3. e5 Bf5 4. Nf3 e6 5. Be2 Ne7 6. O-O c5 7. c4 Nbc6 8. Na3 a6 9. dxc5 d4 10. Qa4 Ng6 11. Rd1 Bxc5 12. b4 Ba7 13. c5 O-O 14. Nc4 Be4 15. Nd6 Bd5 16. Bg5 Qc7 17. Nxd4 Ncxe5 18. Rac1 b6 19. Bxa6 bxc5 20. N4b5 Qb8 21. bxc5 Bxc5 22. Rxc5 Qb6 23. Rc8 Rxa6 24. Rxf8+ Nxf8 25. Qd4 Qxd4 26. Rxd4 h6 27. Be3 Rxa2 28. h3 Rc2 29. Rd2 Rc6 30. Nf5 Nfg6 31. Nfd4 Rc1+ 32. Kh2 Nh4 33. f3 Nc4 34. Rc2 Rf1 35. Bf2 Ng6 36. Nc7 Nf4 37. Nxd5 Nxd5 38. Rxc4 Rxf2 39. Rc2 Rf1 40. Kg3 g5 41. h4 Rd1 42. Ne2 gxh4+ 43. Kxh4 Ne3 44. Rc8+ Kg7 45. Kg3 Rd2 46. Kf2 Nxg2 47. Kxg2 Rxe2+ 48. Kg3 Re5 49. Ra8 Rg5+ 50. Kh3 Kf6 51. Rh8 Kf5 52. Rxh6 Kf4 53. Rf6+ Rf5 0-1

[Event "Chigorin Memorial 2018"]
[Site "St. Petersburg"]
[Date "2018.10.31"]
[Round "5.22"]
[White "Gogin, Maksim"]
[Black "Gagare, Shardul"]
[Result "0-1"]
[WhiteElo "2310"]
[BlackElo "2501"]
[Annotator "RC"]
[PlyCount "74"]
[EventDate "2018.10.27"]
[EventType "swiss"]
[EventCountry "RUS"]
[WhiteTeam "Russland"]
[BlackTeam "Indien"]
[WhiteTeamCountry "RUS"]
[BlackTeamCountry "IND"]

1. d4 Nf6 2. Nf3 d5 3. c4 e6 4. Nc3 a6 5. cxd5 exd5 6. Bg5 Be6 7. e3 Nbd7 8. Bd3 h6 9. Bh4 Bd6 10. Qc2 c6 11. O-O Qc7 12. Bg3 Bxg3 13. hxg3 O-O 14. Rfc1 Rfe8 15. Bf5 Qd6 16. Bxe6 Rxe6 17. Qf5 Rae8 18. Ne1 Ne4 19. Nd3 Rf6 20. Qh3 Ng5 21. Qg4 g6 22. f4 Rxe3 23. fxg5 Rf5 24. Nf4 Rxg5 25. Qh4 Rexg3 26. Rf1 Qf6 27. Rf2 Qxd4 28. Qxh6 Rf3 29. Nh3 Rxf2 30. Nxf2 Qd2 31. Qh3 Ne5 32. Nce4 dxe4 33. Rd1 Qa5 34. Nxe4 Qb6+ 35. Kf1 Rf5+ 36. Ke1 Kg7 37. Rd2 Qg1+ 0-1

[Event "Chigorin Memorial 2018"]
[Site "St. Petersburg"]
[Date "2018.10.31"]
[Round "5.23"]
[White "Askerov, Marat"]
[Black "Khegay, Dmitriy"]
[Result "1-0"]
[WhiteElo "2265"]
[BlackElo "2499"]
[Annotator "TA"]
[PlyCount "83"]
[EventDate "2018.10.27"]
[EventType "swiss"]
[EventCountry "RUS"]
[WhiteTeam "Russland"]
[BlackTeam "Russland"]
[WhiteTeamCountry "RUS"]
[BlackTeamCountry "RUS"]

1. d4 Nf6 2. c4 e6 3. Nf3 a6 4. Nc3 d5 5. cxd5 exd5 6. Bg5 Be6 7. e3 Nbd7 8. Bd3 Bd6 9. O-O O-O 10. Rc1 c6 11. Bh4 Qc7 12. Bg3 Bxg3 13. hxg3 Bg4 14. Qc2 Qd6 15. Na4 Rae8 16. Nc5 Bxf3 17. gxf3 Nxc5 18. Qxc5 Qd7 19. Kg2 g6 20. b4 h5 21. Rh1 Kg7 22. a4 Rc8 23. Qb6 Rh8 24. b5 axb5 25. axb5 g5 26. bxc6 bxc6 27. Qb1 Qd6 28. Ba6 Rc7 29. Qf5 Kh6 30. Bb5 Rb8 31. Bd3 Rh8 32. e4 Qe6 33. Qxe6 fxe6 34. e5 Nd7 35. Rxh5+ Kg7 36. Rxg5+ Kf7 37. f4 c5 38. f5 c4 39. fxe6+ Kxe6 40. Bf5+ Kf7 41. Rg6 Nf8 42. Rd6 1-0

[Event "Chigorin Memorial 2018"]
[Site "St. Petersburg"]
[Date "2018.10.31"]
[Round "5.24"]
[White "Bhambure, Shantanu"]
[Black "Drygalov, Andrey"]
[Result "1/2-1/2"]
[WhiteElo "2243"]
[BlackElo "2477"]
[Annotator "TA"]
[PlyCount "114"]
[EventDate "2018.10.27"]
[EventType "swiss"]
[EventCountry "RUS"]
[WhiteTeam "Indien"]
[BlackTeam "Russland"]
[WhiteTeamCountry "IND"]
[BlackTeamCountry "RUS"]

1. d4 Nf6 2. c4 e6 3. Nf3 d5 4. Nbd2 b6 5. e3 Bb7 6. Be2 Bd6 7. O-O O-O 8. b3 Nbd7 9. Bb2 c5 10. Rc1 Qe7 11. Qc2 Rac8 12. Qb1 cxd4 13. Nxd4 a6 14. cxd5 Nxd5 15. Rxc8 Rxc8 16. Rc1 Nc5 17. g3 b5 18. Ne4 Nxe4 19. Rxc8+ Bxc8 20. Qxe4 Bb7 21. Qb1 g6 22. e4 Nb6 23. Qc2 e5 24. Nf3 f6 25. a4 Qd7 26. axb5 axb5 27. Qd3 Bc6 28. Bc1 Bc5 29. Qc3 Qd6 30. Be3 Bxe3 31. Qxe3 Nd7 32. Ne1 Nc5 33. f3 Ne6 34. Nc2 Be8 35. Kg2 h5 36. b4 h4 37. Qd3 Qc6 38. Qd2 Kg7 39. Bd3 Bd7 40. Be2 Bc8 41. Qd3 Bd7 42. Qd2 Qc7 43. Qd3 Kf7 44. Qd2 Kg7 45. Qd3 Kf7 46. Qd2 h3+ 47. Kf1 Qc6 48. Qd3 Qc7 49. Qd2 Be8 50. Qd3 Kg7 51. Qd2 Kf7 52. Qd3 Bd7 53. Qd2 g5 54. Qd3 Kg6 55. Qd2 Kg7 56. Qd3 Bc6 57. Qb3 Qc8 1/2-1/2

[Event "Chigorin Memorial 2018"]
[Site "St. Petersburg"]
[Date "2018.10.31"]
[Round "5.25"]
[White "Mikaelyan, Arman"]
[Black "Nandhidhaa, P V"]
[Result "1/2-1/2"]
[WhiteElo "2477"]
[BlackElo "2212"]
[PlyCount "144"]
[EventDate "2018.10.27"]
[EventType "swiss"]
[EventCountry "RUS"]
[WhiteTeam "Armenien"]
[BlackTeam "Indien"]
[WhiteTeamCountry "ARM"]
[BlackTeamCountry "IND"]

1. e4 c5 2. Nf3 e6 3. Nc3 Nc6 4. d4 cxd4 5. Nxd4 a6 6. Be3 Qc7 7. f4 d6 8. g4 b5 9. Nxc6 Qxc6 10. Bg2 Bb7 11. a3 Nf6 12. g5 Nd7 13. Qd4 e5 14. Qd2 Nb6 15. Bxb6 Qxb6 16. O-O-O Rd8 17. Nd5 Bxd5 18. exd5 Be7 19. h4 exf4 20. Rde1 Rd7 21. Bh3 Rc7 22. Re4 O-O 23. Rhe1 Bd8 24. Qxf4 Qc5 25. Qd2 a5 26. Kb1 b4 27. a4 g6 28. Bf1 Qa7 29. Qe2 Kg7 30. Bg2 Rh8 31. Bf3 h6 32. gxh6+ Rxh6 33. h5 Bf6 34. hxg6 Rxg6 35. Qh2 Re7 36. Rxe7 Bxe7 37. Be4 Rg5 38. Rf1 Kf8 39. Qh8+ Rg8 40. Qh5 Bg5 41. Bg6 Bf6 42. Qh6+ Ke7 43. Re1+ Kd8 44. Qf4 Be5 45. Qxf7 Qxf7 46. Bxf7 Rg2 47. Re3 Kc7 48. Be6 Kb6 49. Bf5 Kc5 50. Ka2 Rg3 51. Re2 Kxd5 52. Rd2+ Kc5 53. Be4 Bd4 54. Rh2 Be5 55. Rh7 b3+ 56. cxb3 Re3 57. Rc7+ Kb6 58. Rc6+ Ka7 59. Bc2 Kb7 60. Rc4 Re2 61. b4 d5 62. Rc5 Bd6 63. Rb5+ Kc6 64. Bb3 Bxb4 65. Bxd5+ Kd6 66. Kb3 Rh2 67. Kc4 Rh4+ 68. Kd3 Rh3+ 69. Kd4 Rh2 70. Rb6+ Kc7 71. Rc6+ Kd7 72. Ra6 Rxb2 1/2-1/2

[Event "Chigorin Memorial 2018"]
[Site "St. Petersburg"]
[Date "2018.10.31"]
[Round "5.26"]
[White "Pershin, Denis"]
[Black "Pesotskiy, Mikhail"]
[Result "0-1"]
[WhiteElo "2397"]
[BlackElo "2205"]
[PlyCount "108"]
[EventDate "2018.10.27"]
[EventType "swiss"]
[EventCountry "RUS"]
[WhiteTeam "Russland"]
[BlackTeam "Russland"]
[WhiteTeamCountry "RUS"]
[BlackTeamCountry "RUS"]

1. e4 e6 2. d4 d5 3. Nc3 Nc6 4. Nf3 Nf6 5. e5 Ne4 6. Ne2 f6 7. exf6 Nxf6 8. Ng3 Bd6 9. Bb5 O-O 10. O-O Ne7 11. Re1 c5 12. c3 Qb6 13. Bd3 Nc6 14. b3 Bd7 15. Bb2 Rae8 16. Ne5 Bc8 17. Nxc6 bxc6 18. c4 cxd4 19. Bxd4 Bc5 20. Bxc5 Qxc5 21. Rc1 Qb6 22. Qd2 e5 23. c5 Qc7 24. f3 Re7 25. b4 Rfe8 26. Qc2 Kh8 27. Kh1 e4 28. fxe4 dxe4 29. Be2 Bg4 30. b5 Bxe2 31. Qxe2 cxb5 32. Nf5 Re5 33. Nd6 Rf8 34. Nxb5 Qc6 35. Nxa7 Qa4 36. Nb5 e3 37. Qc4 Qxc4 38. Rxc4 e2 39. Nd4 Ng4 40. Rcc1 Nf2+ 41. Kg1 Nd3 42. Rxe2 Rxe2 43. Nxe2 Nxc1 44. Nxc1 Ra8 45. Kf2 Ra5 46. Nd3 Rxa2+ 47. Ke3 Rxg2 48. c6 Rxh2 49. Ne5 Kg8 50. Kd3 Rf2 51. c7 Rf8 52. Nc6 Kf7 53. Nd8+ Ke7 54. Nb7 Rc8 0-1

[Event "Chigorin Memorial 2018"]
[Site "St. Petersburg"]
[Date "2018.10.31"]
[Round "5.27"]
[White "Pierecker, Markus"]
[Black "Badelka, Olga"]
[Result "1/2-1/2"]
[WhiteElo "2180"]
[BlackElo "2394"]
[PlyCount "110"]
[EventDate "2018.10.27"]
[EventType "swiss"]
[EventCountry "RUS"]
[WhiteTeam "Österreich"]
[BlackTeam "Weißrussland"]
[WhiteTeamCountry "AUT"]
[BlackTeamCountry "BLR"]

1. d4 d5 2. Nf3 Nf6 3. c4 dxc4 4. e3 b5 5. a4 b4 6. Bxc4 e6 7. Bb5+ c6 8. Bd3 Nbd7 9. e4 c5 10. O-O Bb7 11. Re1 cxd4 12. Nxd4 Bc5 13. Nb3 Be7 14. e5 Nd5 15. Qg4 g6 16. Bh6 Bf8 17. Bxf8 Kxf8 18. N1d2 h5 19. Qd4 Qb6 20. Qxb6 axb6 21. Bb5 Ke7 22. a5 Rhc8 23. a6 Bc6 24. Bf1 Ra7 25. Nd4 Nc5 26. Rec1 Bd7 27. N2b3 Kd8 28. Nxc5 bxc5 29. Nb3 Rac7 30. a7 Ra8 31. Nxc5 Raxa7 32. Rxa7 Rxa7 33. Bc4 Nb6 34. Bb3 Rc7 35. Nd3 Rxc1+ 36. Nxc1 Ba4 37. Bxa4 Nxa4 38. Nd3 b3 39. f4 Kc7 40. Kf2 Kc6 41. Nc1 Nc5 42. Ke3 Kd5 43. Nd3 Na4 44. g3 Nb6 45. Nc1 Nc4+ 46. Ke2 Nxb2 47. Nxb3 Nc4 48. Kf3 g5 49. h3 Na3 50. Na5 Nc2 51. Nb7 Nd4+ 52. Ke3 Nf5+ 53. Kf3 Nd4+ 54. Ke3 Nf5+ 55. Kf3 Nd4+ 1/2-1/2

[Event "Chigorin Memorial 2018"]
[Site "St. Petersburg"]
[Date "2018.10.31"]
[Round "5.28"]
[White "Manin, Viktor"]
[Black "Nikitenko, Mihail"]
[Result "0-1"]
[WhiteElo "2100"]
[BlackElo "2389"]
[PlyCount "144"]
[EventDate "2018.10.27"]
[EventType "swiss"]
[EventCountry "RUS"]
[WhiteTeam "Usbekistan"]
[BlackTeam "Weißrussland"]
[WhiteTeamCountry "UZB"]
[BlackTeamCountry "BLR"]

1. d4 d5 2. Nf3 Nf6 3. g3 Bf5 4. Bg2 h6 5. O-O e6 6. c4 c6 7. Nc3 Be7 8. b3 O-O 9. Bb2 Nbd7 10. Rc1 Bh7 11. e3 Rc8 12. Qe2 Qa5 13. a3 Ne4 14. b4 Qa6 15. c5 Qxe2 16. Nxe2 b6 17. Rfd1 bxc5 18. dxc5 g5 19. Nfd4 g4 20. Nc3 Ng5 21. e4 Ne5 22. Nxc6 Nef3+ 23. Kh1 Rxc6 24. exd5 exd5 25. Nxd5 Bd8 26. b5 Rc8 27. c6 Ne4 28. Bxf3 Nxf2+ 29. Kg1 Nxd1 30. Bxd1 Bf5 31. Nf6+ Bxf6 32. Bxf6 Rfe8 33. a4 Re1+ 34. Kf2 Rh1 35. a5 Re8 36. b6 axb6 37. axb6 Ree1 38. Rc4 Ref1+ 39. Ke3 Rxd1 40. b7 Rb1 41. Be5 Rhe1+ 42. Kf4 Be6 43. Rd4 Rec1 44. Rd8+ Kh7 45. Rh8+ Kg6 46. Rg8+ Kh5 47. b8=Q Rxb8 48. Rxb8 Rxc6 49. Rb2 Kg6 50. Ke3 Ra6 51. Rd2 Kf5 52. Bf4 h5 53. Re2 Ra5 54. Bd6 Kg6 55. Rd2 Rb5 56. Bf4 Kf5 57. Rd8 h4 58. Rd2 h3 59. Rf2 Rb3+ 60. Kd4 Kg6 61. Be5 Bf5 62. Bf4 Rd3+ 63. Kc4 Rd1 64. Rd2 Re1 65. Rd8 Be6+ 66. Kd3 Rd1+ 67. Bd2 Rh1 68. Rg8+ Kh7 69. Rg5 Rxh2 70. Be3 f6 71. Rh5+ Kg6 72. Rh6+ Kg7 0-1

[Event "Chigorin Memorial 2018"]
[Site "St. Petersburg"]
[Date "2018.10.31"]
[Round "5.29"]
[White "Nesterov, Arseniy"]
[Black "Mohite, Ranveer"]
[Result "1/2-1/2"]
[WhiteElo "2378"]
[BlackElo "2091"]
[PlyCount "86"]
[EventDate "2018.10.27"]
[EventType "swiss"]
[EventCountry "RUS"]
[WhiteTeam "Russland"]
[BlackTeam "Indien"]
[WhiteTeamCountry "RUS"]
[BlackTeamCountry "IND"]

1. Nf3 Nf6 2. c4 e6 3. d4 b6 4. g3 Ba6 5. Qb3 Be7 6. Bg2 O-O 7. Nc3 Bb7 8. O-O Nc6 9. Qc2 Nb4 10. Qb1 c5 11. dxc5 bxc5 12. Rd1 Qb6 13. Be3 Nc6 14. Ng5 h6 15. Nge4 Nxe4 16. Nxe4 Nd4 17. Bxd4 cxd4 18. c5 Qc7 19. b4 f5 20. Nd2 Bxg2 21. Kxg2 Rab8 22. Nf3 Bxc5 23. Rc1 d6 24. a3 a5 25. Qa2 axb4 26. axb4 Rxb4 27. Qxe6+ Qf7 28. Qxf7+ Rxf7 29. Rc2 Rfb7 30. Ne1 Rb2 31. Ra2 Rxc2 32. Rxc2 Kf7 33. Nd3 Rb5 34. h4 g5 35. hxg5 hxg5 36. Ra2 Kf6 37. Ra8 Rb7 38. Ra6 Rc7 39. Nxc5 Rxc5 40. Rxd6+ Ke5 41. Rd8 Rd5 42. Re8+ Kf6 43. Kf3 d3 1/2-1/2